Schweizer Kantone und Hauptorte nach dem Alphabet - Statistiken

Allgemein
  • Dieses Quiz wurde 64 mal gespielt
  • Das Durchschnittsergebnis liegt bei 18 aus 51
Antwortstatistiken
Antwort % Korrekt
Aarau
98%
Aargau
76%
Appenzell
52%
Zürich
52%
Appenzell Ausserrhoden
48%
Appenzell Innerrhoden
48%
Zürich
48%
Altdorf
45%
Zug
45%
Zug
40%
Bern
38%
Chur
36%
Genf
36%
Graubünden
36%
Schwyz
36%
Wallis
36%
Bern
33%
Freiburg
33%
Genf
33%
Schwyz
33%
Waadt
33%
Basel Stadt
31%
Freiburg
31%
Luzern
31%
Schaffhausen
31%
Schaffhausen
31%
Solothurn
31%
Tessin
31%
Thurgau
31%
Uri
31%
Bellinzona
29%
Frauenfeld
29%
Glarus
29%
Glarus
29%
Lausanne
29%
Luzern
29%
Neuenburg
29%
Solothurn
29%
Basel Landschaft
26%
Delsberg
26%
Jura
26%
Neuenburg
26%
Sankt Gallen / St. Gallen
26%
Stans
26%
Herisau
24%
Liestal
24%
Nidwalden
24%
Sankt Gallen / St. Gallen
24%
Sarnen
24%
Sitten
24%
Obwalden
21%
Keine übereinstimmenden Quizze gefunden
Verteilung der Resultate
Anzahl Personen mit jedem Resultat
Perzentil nach korrekt beantworteten Fragen
Ihre Resultats-Entwicklung
Sie haben dieses Quiz noch nicht gespielt